| 000 | 01420cam a22003857a 4500 | ||
|---|---|---|---|
| 003 | CHAP | ||
| 005 | 20220329142855.0 | ||
| 008 | 041122d2004 mx a r 00110 spa d | ||
| 010 | _a89053 | ||
| 011 | _a90025 | ||
| 035 | _a100581 | ||
| 040 | _cCHAP | ||
| 090 | _aTesis | ||
| 100 | 0 | 0 |
_aMárquez Santos, Magdalena. _976353 |
| 245 | 1 | 0 |
_aAtrayentes derivados por hembras del picudo del nopal (Metamasius spinolae Gyll). _c/por Magdalena Márquez Santos |
| 260 |
_aChapingo, Méx. : _bEl autor, _c2004. |
||
| 300 |
_a37 h. : _bilus. ; gráfs. |
||
| 502 | _aTesis (Ing. Agr. Esp. en Parasitología Agrícola) -- UACH. Departamento de Parasitología Agrícola | ||
| 590 |
_aALEPH _b10 _c20130110 _lUCH01 _h1501 |
||
| 590 |
_aBATCH-UPD _b10 _c20130110 _lUCH01 _h0317 |
||
| 590 |
_aBATCH-UPD _b10 _c20130110 _lUCH01 _h1700 |
||
| 590 |
_aBATCH-UPD _b10 _c20130409 _lUCH01 _h2350 |
||
| 590 |
_aBATCH-UPD _b10 _c20130914 _lUCH01 _h1814 |
||
| 590 |
_aCONVERSION _b10 _c20130109 _lUCH01 _h1349 |
||
| 650 | 1 | 4 |
_aMetamasius. _975175 |
| 650 | 1 | 4 |
_aNopal _zMéxico (D.F.). _981708 |
| 650 | 1 | 4 |
_aNopal _zMéxico (Edo.). _981709 |
| 650 | 1 | 4 |
_aRepelentes y atrayentes de insectos. _995985 |
| 650 | 1 | 4 |
_aTrampas para insectos. _9114609 |
| 901 | _aBK | ||
| 905 | _aAlejandra Carrasco M. | ||
| 942 | _cFOLL | ||
| 949 |
_aTesis _bBC _cTES _d1005811 _eTS1 _h42665 _i100581 _sb |
||
| 949 |
_aTesis _bBC _cTES _d33724000796454 _eTS2 _fc.2 _h42666 _i100581 _sb |
||
| 999 |
_c89053 _d89053 |
||